00427nam a2200133Ia 450000500170000000800410001708200130005810000190007124501070009026000390019730000160023665000190025265000220027120250304030902.0240331s9999 xx 000 0 und d bSENa954 aSenaveratna, J 4aThe story of the sinhalese from the most ancient times up to the end of the Mahavamsa or great dynasty aColombobW.M.A. Wahid & Brosc1930 aX, 298 p ., aKings of Lanka aHistory of Ceylon